| 000 | 00438nam a22001697a 4500 | ||
|---|---|---|---|
| 003 | NUST - PNEC | ||
| 005 | 20170116181031.0 | ||
| 008 | 150919b xxu||||| |||| 00| 0 eng d | ||
| 020 | _a- | ||
| 040 | _cLIBRARY | ||
| 082 | _a621.815 CAS | ||
| 100 |
_911099 _aCastle, Frank |
||
| 245 |
_aA manual of machine design and strength of materials _cFrank Castle |
||
| 260 | _cc.1968 | ||
| 650 |
_911101 _aMachine design _xME |
||
| 942 |
_2ddc _cBK |
||
| 999 |
_c67746 _d67746 |
||